000 00591nam a22001937a 4500
005 20231124131412.0
008 231124b |||||||| |||| 00| 0 eng d
020 _a9991673679
022 _a09337806
041 _aEnglish
082 _a340.5 HIN
100 _aHinz, MO
_lEnglish
245 _aCustomary Law in Namibia : Development and Perspective /
_cMO Hinz
250 _aEighth Edition
260 _aWindhoek :
_bCentre for Applied Social Sciences,
_c2003
300 _b236 pages ;
_c30 cm.
650 _aLegal practice
_bLaw
942 _cBK
_6ALISON_BN_VRIES
999 _c949
_d949